| 000 | 00474nam a2200193Ia 4500 | ||
|---|---|---|---|
| 005 | 20240823031847.0 | ||
| 008 | 240823s9999||||xx |||||||||||||| ||und|| | ||
| 020 | _a81-239-0790-7 | ||
| 041 | _aENGLISH | ||
| 082 | _A621.3 Q1 | ||
| 100 | _aSharma D K | ||
| 245 | 0 | _aViva Voce in Electrical Engineering | |
| 250 | _a5th | ||
| 260 |
_c2011 _b"CBS Publishers & Distributors,New " |
||
| 500 | _aYES | ||
| 650 |
_aElectrical _bElectrical |
||
| 942 | _cBK | ||
| 999 |
_c192074 _d192074 |
||